Science Quiz

Random Science Quiz
Score 0/37 Timer 15:00
0 Plays Today
x x % Correct
Platinum analog that has nephrotoxicity and need IV hydration so the drug can flushed outCisplatin
93.1%
Type of drugs that has the suffix 'taxel'Taxane
89.7%
Bleomycin, an antitumor antibiotic, inhibits what phase of the cell cycle?G2 phase
89.7%
Topoisomerase II inhibitor. This drug is a type of Epipodophyllotoxin that inhibits the M phase of the cell cyle.Etoposide
86.2%
An antitumor antibiotic that induces DNA strand breaks by generating superoxide/hydroxide free radicals. It induces G2 arrest and its major side effect is pulmonary fibrosis.Bleomycin
86.2%
A Pyrimidine analog that inhibits Thymidylate Synthase and is used to treat colon and prostate cancer. Leucovorin potentiates its anti-cancer effect. Fluorouracil
82.8%
Topoisomerase I inhibitor. This drug is a type of Camptothecin.Topotecan
82.8%
Topoisomerase II inhibitor. This drug is a type of antitumor antibiotic. Its toxicities include cardiotoxicity and 'hand foot syndrome'Doxorubicin
82.8%
A mAB against VEGF Bevacizumab
82.8%
mAB against CD52 protein Alemtuzumab
82.8%
mAB against ErbB-2/HER2/neu Receptor Tyrosine KinaseTrastuzumab
82.8%
During Bone Marrow suppression, this is given to increase the number of White Blood Cells. GM-CSF
82.8%
Low neutrophils during bone marrow suppressionNeutropenia
82.8%
Folate analog that inhibits DHFR and causes myelosuppression and mucositis.Methotrexate
79.3%
A Guanine analog that interferes with guanine nucleotide synthesis. Its side effects include Tumor Lysis Syndrome.6-Thioguanine
79.3%
Anti-Metabolites inhibit what phase of the cell cycle?S phase
79.3%
Type of drug that prevents tubulin polymerization to form microtubules. Vinca alkaloid
79.3%
A chimeric mAB against EGFRCetuximab
79.3%
Targets BCR-ABL oncoproteinImatinib
79.3%
x x % Correct
A chimeric mAB against CD20 protein Rituximab
79.3%
Most commonly used DNA alkylating agent that treats leukemia and lymphoma. Its toxicities include bone marrow toxicity, haemorrhagic cystitis and liver damage. Cyclophosphamide
75.9%
Type of nitrosourea that is used to treat pancreatic cancer.Streptozocin
75.9%
Used to overcome the side effects of Methotrexate.Leucovorin
75.9%
A Purine analog that interferes with purine nucleotide synthesis and used to treat leukemia6-Mercaptopurine
75.9%
Ethyleneimine drug used to treat ovarian cancerThiotepa
72.4%
Alkylating-related agent that is used to treat Hodgkin's Lymphoma and is in the WHO drug essential list. Procarbazine
72.4%
Platinum analog that causes neurotoxicity Oxaliplatin
72.4%
Type of drugs that has the prefix 'vin'Vinca alkaloid
72.4%
A type of anthracycline that is used to treat ALL and AML. Daunorubicin
72.4%
Type of Alkylating Agent that is highly lipophilic, can cross the BBB, and used to treat brain tumors.Nitrosourea
69%
Mitotic Inhibitors and Topoisomerase inhibitors inhibit what phase of the Cell cycle?M phase
69%
Type of drug that blocks the disassembly of microtubules and is used to treat breast cancer. Taxane
69%
Emetogenic effects of alkylating agents can be decreased by pretreatment with this receptor antagonist.Serotonin
69%
Alkyl-sulfonate drug used to treat CML.Busulfan
65.5%
Platinum analog that causes myelosuppressionCarboplatin
65.5%
Type of drugs that has the suffix 'bine'Anti-Metabolite
65.5%
Inhibits Ribonucleotide Reductase (RNR)Hydroxyurea
65.5%
Remove Ads.
Support Sporcle.
Get the best of Sporcle when you Go Orange. This ad-free experience offers more features, more stats, and more fun while also helping to support Sporcle. Thank you for becoming a member.

You're not logged in!

Compare scores with friends on all Sporcle quizzes.
OR
Log In

Show Comments

Extras

Created Oct 31, 2010ReportNominate

Top Quizzes Today


Score Distribution

Your Account Isn't Verified!

In order to create a playlist on Sporcle, you need to verify the email address you used during registration. Go to your Sporcle Settings to finish the process.

Report this User

Report this user for behavior that violates our Community Guidelines.

Details: